=LDR 00000nam 2200000 4500 =001 INLIS000000000035668 =005 20201008095729 =035 ##$$a 0010-061300000035668 =008 201008################g##########0#ind## =245 1#$$a Kadang harus berteriak : $b catatan dari "parlemen udayana" 2004 - 2009 /$c Patompo Adnan ; editor Farid Tolomundu =260 ##$$a Jakarta :$b Cahaya Ilahi Press,$c 2009 =020 ##$$a 978-602-96523-07 =082 ##$$a 320.092 =084 ##$$a 320.092 ADN k =100 ##$$a Adnan, Patompo =300 ##$$a 146 hlm. : $b ilus ; $c 12x19 cm. =650 #4$$a Politik =700 #$$a Tolomundu, Farid =990 ##$$a 21011950 =990 ##$$a 21011953 =990 ##$$a 21011958 =990 ##$$a 21011955 =990 ##$$a 21011949 =990 ##$$a 21011954 =990 ##$$a 21011957 =990 ##$$a 21011951 =990 ##$$a 25592559 =990 ##$$a 51100038 =990 ##$$a 21011950 =990 ##$$a 21011953 =990 ##$$a 21011958 =990 ##$$a 21011955 =990 ##$$a 21011949 =990 ##$$a 21011954 =990 ##$$a 21011957 =990 ##$$a 21011951